Biggest Countries in Europe by area - Statistics

General Stats
  • This quiz has been taken 66 times
  • The average score is 39 of 45
Answers on the Map
Answers color-coded by a green-red scale on the quiz's map according to % correct below.
 
Answer Stats
Rank Answer Area (km²) Area (mi²) % Correct
1 Russia 3,952,550 1,526,090
100%
2 Ukraine 603,549 233,032
100%
3 France 543,941 210,017
98%
4 Spain 498,485 192,466
98%
5 Sweden 438,574 169,334
98%
13 Belarus 207,600 80,200
96%
7 Finland 336,884 130,072
96%
6 Germany 357,581 138,063
96%
10 Italy 301,958 116,587
96%
8 Norway 323,772 125,009
96%
9 Poland 312,679 120,726
96%
12 Romania 238,298 92,007
96%
11 United Kingdom 244,381 94,356
96%
15 Bulgaria 110,372 42,615
90%
14 Greece 131,957 50,949
90%
17 Hungary 93,025 35,917
88%
16 Iceland 103,000 40,000
88%
18 Portugal 91,424 35,299
88%
40 Andorra 468 181
87%
39 Luxembourg 2,586 998
87%
41 Malta 315 122
87%
45 Vatican City 0.49 0.19
87%
19 Austria 83,878 32,385
85%
22 Ireland 69,825 26,960
85%
38 Kosovo 10,910 4,210
85%
42 Liechtenstein 160 62
85%
44 Monaco 2 0.77
85%
43 San Marino 61 24
85%
21 Serbia 77,589 29,957
85%
20 Czech Republic 78,871 30,452
83%
37 Montenegro 13,888 5,362
83%
34 Albania 28,748 11,100
81%
26 Bosnia and Herzegovina 51,209 19,772
81%
25 Croatia 56,594 21,851
81%
28 Estonia 45,399 17,529
81%
32 Moldova 33,847 13,068
81%
35 North Macedonia 25,713 9,928
81%
36 Slovenia 20,273 7,827
81%
33 Belgium 30,528 11,787
79%
29 Denmark 42,947 16,582
79%
24 Latvia 64,594 24,940
79%
23 Lithuania 65,286 25,207
79%
30 Netherlands 41,543 16,040
79%
27 Slovakia 49,035 18,933
79%
31 Switzerland 41,291 15,943
79%
No matching quizzes found
Score Distribution
Percent of People with Each Score
Percentile by Number Answered
Your Score History
You have not taken this quiz